| 000 | 01045pam a2200289 a 4500 | ||
|---|---|---|---|
| 999 |
_c129550 _d129550 |
||
| 001 | 1406171 | ||
| 003 | ARRUPE | ||
| 005 | 20190503095959.0 | ||
| 008 | 830718s1983 nyu b 001 0 eng | ||
| 010 | _a 83012814 | ||
| 020 | _a089862052X | ||
| 040 |
_aDLC _cDLC _dDLC |
||
| 050 | 0 | 0 |
_aRC488.5 _b.P36 1983 |
| 082 | 0 | 0 |
_a616.89/156 _219 |
| 100 | 1 |
_aPapp, Peggy. _946213 |
|
| 245 | 1 | 4 |
_aThe process of change / _cPeggy Papp ; foreword by Donald A. Bloch. |
| 260 |
_aNew York : _bGuilford Press, _cc1983. |
||
| 300 |
_axv, 248 p. ; _c24 cm. |
||
| 440 | 4 |
_aThe Guilford family therapy series _946214 |
|
| 500 | _aIncludes index. | ||
| 504 | _aBibliography: p. 241-242. | ||
| 650 | 0 |
_aFamily psychotherapy. _945329 |
|
| 650 | 0 |
_aChange (Psychology) _946215 |
|
| 856 | 4 | 2 |
_3Contributor biographical information _uhttp://www.loc.gov/catdir/bios/guilford051/83012814.html |
| 856 | 4 | 2 |
_3Publisher description _uhttp://www.loc.gov/catdir/description/guilford051/83012814.html |
| 906 |
_a7 _bcbc _corignew _d1 _eocip _f19 _gy-gencatlg |
||
| 942 |
_2lcc _cMONOGRAPH |
||